Регионална библиотека "Любен Каравелов" - Русе

The Prettiest Bird (Запис номер 138923)

MARC детайли
000 -Лидер
Контролно поле с фиксирана дължина 01667nam a2200373 c 4500
003 - Код на организацията, давaща контролен номер
Контролно поле BLK
005 - Дата и час на последна редакция
Контролно поле 20180422112153.0
008 - Елементи от данни с фиксирана дължина
fixed length control field 180409b bul|||||r ||||||| ||bul||
010 ## - Наследен системен номер
LC control number KNG00144923000
040 ## - Източник на каталожния запис
Идентификатор на билиотеката - собственик на записа BLK
041 ## - Код за език
Код за езика на текст/звукозапис или на отделно заглавие Английски
Код за езика КДБФ Английски
080 ## - УДК
Текстов определител УДК Българска литература
УДК код - определител по УДК 821.163.2
УДК определител -93-34
УДК - код + определител 821.163.2-93-34
100 1# - Редна дума - Автор
Автор Raichev, Georgi
Авторска отговорност първи автор
R(LIN) 326540
139 ## - Редно поле
Редна дума Raichev, Georgi
Авторски знак Rai - R 17
245 10 - Сведения за заглавието
Заглавие The Prettiest Bird
Подзаглавни данни Приказка за деца
Редно поле (дума) Georgi Raichev; * Georgi Rajcev; * Георги Михайлов Райчев; ill. by Hristo Kurdjilov; * Hristo Kardzilov; * Христо Кърджилов; transl. [от бълг. на англ.] Petroushka Tomova; * Petruska Tomova; * Петрушка Любенова Томова.
257 ## - Страна на издаване
Страна на създаване/издаване България
260 ## - Област на издателските данни
-- Sofia
Име на издателя, разпространителя и проч. Bulg. hudoshnik
Година на издаване 1990
300 ## - Физическа характеристика
Страници 12 с.
Илюстрации и др. с цв. ил.
Размери/Мащаб 22X24 см
380 ## - Жанр
Жанр Детска худож. лит.
500 ## - Общи забележки
Забележка Ориг. загл. Най-хубавото птиче. - Офс. изд. - 3 150 тир.
700 1# - Други автори (авторска отговорност)
Лично име Rajcev, Georgi
Автороска отговорност (Описва отношението между автора и произведението) *
9 (RLIN) 22008
700 1# - Други автори (авторска отговорност)
Лично име Райчев, Георги Михайлов
Автороска отговорност (Описва отношението между автора и произведението) *
9 (RLIN) 366632
700 1# - Други автори (авторска отговорност)
Лично име Kurdjilov, Hristo
Автороска отговорност (Описва отношението между автора и произведението) ill. by
9 (RLIN) 16190
700 1# - Други автори (авторска отговорност)
Лично име Kardzilov, Hristo
Автороска отговорност (Описва отношението между автора и произведението) *
9 (RLIN) 326541
700 1# - Други автори (авторска отговорност)
Лично име Кърджилов, Христо
Автороска отговорност (Описва отношението между автора и произведението) *
9 (RLIN) 379212
700 1# - Други автори (авторска отговорност)
Лично име Tomova, Petroushka
Автороска отговорност (Описва отношението между автора и произведението) transl. [от бълг. на англ.]
9 (RLIN) 326542
700 1# - Други автори (авторска отговорност)
Лично име Tomova, Petruska
Автороска отговорност (Описва отношението между автора и произведението) *
9 (RLIN) 326543
700 1# - Други автори (авторска отговорност)
Лично име Томова, Петрушка Любенова
Автороска отговорност (Описва отношението между автора и произведението) *
9 (RLIN) 376048
852 ## - Местоположение
Форматна сигнатура Цб 260359
856 4# - Електронен адрес и достъп
Електронен формат pdf - файл
Път до файла /url/
856 4# - Електронен адрес и достъп
Електронен формат pdf - файл
Път до файла /url/
942 ## - АРТИКУЛИ
Вид на библиотечния материал Книги
Скрит в OPAC Не
944 ## - СЪЗДАВАНЕ И РЕДАКЦИЯ на ЗАПИСА
Създаване/Редакция Създаване
Дата на регистрацията/редакция 05.07.2013
Статус, дата на статуса 05.07.2013 - от С1,Р / 05.07.2013
Служител, извършил регистрацията/редакцията Айшегюл_Сабриева
944 ## - СЪЗДАВАНЕ И РЕДАКЦИЯ на ЗАПИСА
Създаване/Редакция Редакция
Дата на регистрацията/редакция 05.07.2013
Статус, дата на статуса 05.07.2013 - от С1,Р / 05.07.2013
Служител, извършил регистрацията/редакцията
999 ## - СИСТЕМНИ КОНТРОЛНИ НОМЕРА
Koha biblionumber 138923
Koha biblioitemnumber 138923
Наличности
Код за отписване Код за изгубен артикул Източник на класификационната схема Код за повреда Коз за рестрикции Код за отдаване Артикулен № Име на библиотеката - собственик Име на библиотеката, в която се намира в момента Статус (Текущо местоположение) Дата на вписване в системата Местоположение - отдел Цена в лева Инвентарен номер Систематично азбучна сигнатура Баркод Номер на екземпляра Цена в евро Служебна бележка Служебен тип на артикула
  Не е изгубен Universal Decimal Classification Не е повреден без рестрикции ползва се в читалня 227141 Регионална библиотека "Любен Каравелов" Русе Регионална библиотека "Любен Каравелов" Русе Хранилище 1990-01-01 Хранилище 0.00 536798 Цб 260359 120000536798 1 0.00 N: стар фонд Дата: 01.01.1990 Книги
Vip Innovations Ltd, Rousse, Bulgaria 2025